[Event "Pontevedra op 7th"]
[Site "Pontevedra"]
[Date "2019.08.13"]
[Round "8"]
[White "Estefano Rilova, Fernando"]
[Black "Santanna, Paulo"]
[Result "1/2-1/2"]
[WhiteElo "2025"]
[BlackElo "1895"]
[PlyCount "80"]
[EventDate "2019.08.08"]
[EventType "swiss"]
[EventRounds "9"]
[EventCountry "ESP"]
[SourceTitle "EXT 2020"]
[Source "ChessBase"]
[SourceDate "2019.10.17"]
[SourceVersion "1"]
[SourceVersionDate "2019.10.17"]
[SourceQuality "1"]

1. e4 c5 2. Nf3 g6 3. d4 cxd4 4. Nxd4 Nc6 5. c4 Nf6 6. Nc3 d6 7. f3 Nxd4 8. Qxd4 Bg7 9. Be3 0-0 10. Qd2 Be6 11. Be2 Qa5 12. 0-0 Rfc8 13. b3 a6 14. Rac1 b5 15. Nd5 Qxd2 16. Bxd2 Nxd5 17. cxd5 Bd4+ 18. Kh1 Bd7 19. Rxc8+ Rxc8 20. Rc1 Rc5 21. b4 Rxc1+ 22. Bxc1 Bc3 23. a3 Bd4 24. g3 Bh3 25. a4 bxa4 26. Bxa6 Bd7 27. Kg2 Kf8 28. Kf1 Ke8 29. Ke2 Kd8 30. g4 Kc7 31. Kd3 Bg1 32. h3 e6 33. Bc4 Kb6 34. Bf4 e5 35. Bc1 Bd4 36. f4 f6 37. fxe5 fxe5 38. Kc2 h5 39. Be2 hxg4 40. hxg4 Bb5 1/2-1/2

[Event "Sanxenxo Carlos op 9th"]
[Site "Sanxenxo"]
[Date "2017.06.20"]
[Round "4"]
[White "Estefano Rilova, Fernando"]
[Black "Strikovic, Aleksa"]
[Result "0-1"]
[WhiteElo "2032"]
[BlackElo "2503"]
[PlyCount "85"]
[EventDate "2017.06.17"]
[EventType "swiss"]
[EventRounds "9"]
[EventCountry "ESP"]
[SourceTitle "CBM 179 Extra"]
[Source "ChessBase"]
[SourceDate "2017.08.23"]
[SourceVersion "1"]
[SourceVersionDate "2017.08.23"]
[SourceQuality "1"]

1. e4 d6 2. d4 Nf6 3. Nc3 e5 4. dxe5 dxe5 5. Qxd8+ Kxd8 6. Bc4 Ke8 7. Nf3 Bd6 8. Bg5 Nbd7 9. 0-0-0 a6 10. Rhe1 b5 11. Bd5 Nxd5 12. Nxd5 f6 13. Be3 Bb7 14. h4 h5 15. Ng1 Rd8 16. Ne2 c6 17. Ndc3 Be7 18. Ng3 g6 19. Re2 Nc5 20. Red2 Rxd2 21. Rxd2 Bc8 22. a3 a5 23. Re2 Kf7 24. f3 Be6 25. b3 Nd7 26. a4 b4 27. Nb1 f5 28. Bg5 Bxg5+ 29. hxg5 h4 30. exf5 gxf5 31. Nf1 Rg8 32. Nbd2 Rxg5 33. Ne3 Nb6 34. Nef1 Kf6 35. f4 exf4 36. Nf3 Rg4 37. N1h2 Bd5 38. Nxg4+ fxg4 39. Ne1 Nd7 40. Rf2 Kf5 41. Nd3 f3 42. gxf3 g3 43. Rf1 0-1

[Event "Quart de Poblet op 4th"]
[Site "Quart de Poblet"]
[Date "2016.09.03"]
[Round "4"]
[White "Navarro Diaz, Carles"]
[Black "Estefano Rilova, Fernando"]
[Result "1-0"]
[WhiteElo "2106"]
[BlackElo "1919"]
[PlyCount "85"]
[EventDate "2016.09.01"]
[EventType "swiss"]
[EventRounds "7"]
[EventCountry "ESP"]
[SourceTitle "EXT 2024"]
[Source "ChessBase"]
[SourceDate "2023.10.10"]
[SourceVersion "1"]
[SourceVersionDate "2023.10.10"]
[SourceQuality "1"]

1. d4 Nf6 2. c4 g6 3. Nc3 d6 4. e4 Bg7 5. Be2 0-0 6. Nf3 e5 7. 0-0 Nc6 8. d5 Ne7 9. Ne1 Ne8 10. Be3 f5 11. f3 f4 12. Bf2 Rf7 13. c5 g5 14. a4 Ng6 15. cxd6 cxd6 16. a5 Bf8 17. a6 b6 18. Nd3 h5 19. Nb4 Rg7 20. Nc6 Qf6 21. Nb5 g4 22. fxg4 f3 23. Bxf3 Nf4 24. Bg3 hxg4 25. Be2 Qg5 26. Bc4 Nf6 27. Qe1 N6h5 28. Bh4 Qh6 29. g3 Ng6 30. Bd8 Rh7 31. Qf2 Nh8 32. Qxf8+ Qxf8 33. Rxf8+ Kxf8 34. Rf1+ Ke8 35. Nc7+ Rxc7 36. Bxc7 Nf7 37. Bb8 Ng5 38. Bxd6 Nf3+ 39. Kg2 Nf6 40. Nxe5 Nxe5 41. Bxe5 Nxe4 42. Bb5+ Ke7 43. Bc6 1-0

[Event "Euskadi-chT (Vasca) Div 1st"]
[Site "Bergara"]
[Date "2016.??.??"]
[Round "1.4"]
[White "Estefano Rilova, Fernando"]
[Black "Mendikute Fierro, Claudio"]
[Result "1/2-1/2"]
[WhiteElo "1886"]
[BlackElo "2017"]
[PlyCount "147"]
[EventDate "2016.01.09"]
[EventType "team-tourn"]
[EventRounds "9"]
[EventCountry "ESP"]
[SourceTitle "EXT 2024"]
[Source "ChessBase"]
[SourceDate "2023.10.10"]
[SourceVersion "1"]
[SourceVersionDate "2023.10.10"]
[SourceQuality "1"]

1. e4 e6 2. d4 d5 3. Nc3 Bb4 4. Qd3 dxe4 5. Qxe4 Nf6 6. Qh4 Nc6 7. Nf3 Be7 8. Bd3 Nb4 9. Ne5 Nd7 10. Qg3 Nxe5 11. dxe5 Nxd3+ 12. cxd3 Kf8 13. 0-0 b6 14. Bf4 Bb7 15. Rfd1 h6 16. Rac1 a6 17. d4 Rc8 18. Rc2 g6 19. Rcd2 Bd5 20. Qd3 c6 21. a3 b5 22. Rc1 Kg7 23. a4 Qa5 24. Qc2 Bb4 25. Rd3 Bxc3 26. Rxc3 Qxa4 27. Qxa4 bxa4 28. Rc5 Rb8 29. Ra5 Rxb2 30. Rxa4 Ra8 31. Rca1 g5 32. Bc1 Rc2 33. Be3 Bc4 34. Rb1 Bb5 35. Ra5 Rd8 36. h3 Kg6 37. g4 h5 38. Kg2 hxg4 39. hxg4 Rh8 40. Rh1 Rxh1 41. Kxh1 f5 42. exf6 Kxf6 43. Kg2 Rc4 44. Kf3 Rc2 45. Kg2 Kg6 46. Kg3 Rb2 47. Kg2 Rb1 48. Kh2 Be2 49. Rxg5+ Kf6 50. Ra5 Bxg4 51. Rxa6 Bf3 52. Kg3 Bd5 53. Kf4 Rh1 54. Kg4 Rg1+ 55. Kh3 Rg6 56. Ra1 Kf5 57. Kh2 Rg7 58. Rg1 Rh7+ 59. Kg3 Ke4 60. Re1 Rg7+ 61. Kh4 Kf3 62. Kh5 Rg2 63. Rh1 Ke2 64. Rh3 Bf3+ 65. Kh6 Rg8 66. Kh7 Rg4 67. Kh8 Re4 68. Kg7 Rxe3 69. fxe3 Kxe3 70. Kf6 Ke4 71. Rxf3 Kxf3 72. Kxe6 Ke4 73. Kd6 Kxd4 74. Kxc6 1/2-1/2

[Event "Pontevedra op 3rd"]
[Site "Pontevedra"]
[Date "2015.08.11"]
[Round "5"]
[White "Hoffman, Alejandro"]
[Black "Estefano Rilova, Fernando"]
[Result "1-0"]
[WhiteElo "2433"]
[BlackElo "1782"]
[PlyCount "57"]
[EventDate "2015.08.09"]
[EventType "swiss"]
[EventRounds "9"]
[EventCountry "ESP"]
[SourceTitle "EXT 2016"]
[Source "ChessBase"]
[SourceDate "2015.10.08"]
[SourceVersion "1"]
[SourceVersionDate "2015.10.08"]
[SourceQuality "1"]

1. d4 Nf6 2. c4 g6 3. Nc3 Bg7 4. e4 d6 5. f3 0-0 6. Be3 e5 7. Nge2 Nbd7 8. Qd2 c6 9. d5 cxd5 10. cxd5 a6 11. g4 b5 12. Ng3 Nc5 13. b4 Ncd7 14. h4 Re8 15. h5 Nf8 16. Be2 N6d7 17. Bh6 Bxh6 18. Qxh6 Qf6 19. Kf2 Re7 20. Nd1 Qg7 21. Qc1 Qf6 22. Ne3 Nb6 23. g5 Qf4 24. Qc6 Rb8 25. Qxd6 Rbb7 26. Qf6 Rec7 27. Ngf5 gxf5 28. h6 Ne6 29. dxe6 1-0

[Event "Mondragon op 13th"]
[Site "Mondragon"]
[Date "2013.12.27"]
[Round "2"]
[White "Rodriguez Melendez, Juan Humbert"]
[Black "Estefano Rilova, Fernando"]
[Result "1-0"]
[WhiteElo "2060"]
[BlackElo "1533"]
[PlyCount "99"]
[EventDate "2013.12.26"]
[EventType "swiss"]
[EventRounds "6"]
[EventCountry "ESP"]
[SourceTitle "CBM 158 Extra"]
[Source "ChessBase"]
[SourceDate "2014.02.28"]
[SourceVersion "1"]
[SourceVersionDate "2014.02.28"]
[SourceQuality "1"]

1. e4 c5 2. Nf3 e6 3. d4 cxd4 4. Nxd4 a6 5. c4 Qc7 6. Nc3 b6 7. Be2 Bb7 8. Be3 Be7 9. 0-0 Nf6 10. f3 d6 11. Qd2 Nbd7 12. Rfc1 0-0 13. Rab1 Rfd8 14. Bf1 Rac8 15. b4 Qb8 16. Qf2 Ne5 17. Na4 d5 18. exd5 exd5 19. Nf5 Bf8 20. Nxb6 Rc6 21. c5 Nfd7 22. Nxd5 Re6 23. Rd1 Rde8 24. Bf4 Bxd5 25. Rxd5 Rf6 26. Rxd7 Rxf5 27. Bg3 Qc8 28. Rdd1 Ng4 29. Qd2 Ne3 30. Re1 Nxf1 31. Rxf1 Be7 32. Rfe1 Rd8 33. Qe2 Bf6 34. Rbd1 Rf8 35. Qe4 Bg5 36. Rd5 Rxd5 37. Qxd5 Bf6 38. Qe4 Rd8 39. Bd6 h6 40. h3 Qd7 41. Kh1 Qa4 42. Qc4 Rc8 43. Rc1 Bg5 44. f4 Bf6 45. c6 Bb2 46. Rc2 Ba3 47. c7 Qd7 48. Qxa6 Bxb4 49. Bxb4 Qd1+ 50. Kh2 1-0

[Event "Benidorm New Generation U12 08th"]
[Site "Benidorm"]
[Date "2012.12.07"]
[Round "5.7"]
[White "Estefano Rilova, Fernando"]
[Black "Zapata Caparros, Sergio"]
[Result "1/2-1/2"]
[WhiteElo "1518"]
[BlackElo "1654"]
[PlyCount "49"]
[EventDate "2012.12.05"]
[EventType "swiss"]
[EventRounds "7"]
[EventCountry "ESP"]
[SourceTitle "EXT 2024"]
[Source "ChessBase"]
[SourceDate "2023.10.10"]
[SourceVersion "1"]
[SourceVersionDate "2023.10.10"]
[SourceQuality "1"]

1. e4 c5 2. Nf3 Nc6 3. d4 cxd4 4. Nxd4 Nf6 5. Nc3 e5 6. Nb3 Bb4 7. Bd3 d5 8. Bd2 Bxc3 9. Bxc3 d4 10. Bd2 0-0 11. 0-0 Ne8 12. f4 f6 13. Bc4+ Kh8 14. f5 Nd6 15. Bd3 Qe8 16. g4 g5 17. Qe1 h5 18. gxh5 Qxh5 19. Be2 Qh6 20. Bg4 Kg7 21. Kg2 Rh8 22. Rh1 Qh4 23. Qxh4 Rxh4 24. Bf3 Nxe4 25. Be1 1/2-1/2

[Event "ESP-ch U10"]
[Site "Salobrena"]
[Date "2012.06.27"]
[Round "4.2"]
[White "Torres Ventosa, Angel Javier"]
[Black "Estefano Rilova, Fernando"]
[Result "1/2-1/2"]
[WhiteElo "1665"]
[BlackElo "1508"]
[PlyCount "95"]
[EventDate "2012.06.25"]
[EventType "swiss"]
[EventRounds "9"]
[EventCountry "ESP"]
[SourceTitle "EXT 2024"]
[Source "ChessBase"]
[SourceDate "2023.10.10"]
[SourceVersion "1"]
[SourceVersionDate "2023.10.10"]
[SourceQuality "1"]

1. c4 e5 2. Nc3 Nc6 3. g3 f5 4. Bg2 Nf6 5. d3 Bc5 6. Bg5 d6 7. Nf3 Be6 8. a3 a5 9. 0-0 0-0 10. Ne1 h6 11. Bd2 g5 12. e3 Qe8 13. Kh1 Qh5 14. Qxh5 Nxh5 15. f4 g4 16. Nc2 exf4 17. exf4 Nd4 18. Nxd4 Bxd4 19. Rab1 Rab8 20. Rfe1 Rfe8 21. Rxe6 Rxe6 22. Bd5 Rbe8 23. Re1 Kf7 24. Rxe6 Rxe6 25. Bxe6+ Kxe6 26. b4 axb4 27. axb4 c6 28. Kg2 Nf6 29. Ne2 Bb6 30. Bc3 h5 31. Bd4 Bc7 32. c5 d5 33. Bc3 Kf7 34. Nd4 h4 35. Nxf5 hxg3 36. hxg3 b6 37. Nd4 bxc5 38. bxc5 Nd7 39. Nxc6 Nxc5 40. d4 Ne4 41. Ba1 Kf6 42. Ne5 Bxe5 43. dxe5+ Ke6 44. Bd4 Kf5 45. Bf2 Ke6 46. Be1 d4 47. Kh2 d3 48. Kg2 1/2-1/2